Normal view
MARC view
- Levitin.S.
Entry Personal Name
001 - CONTROL NUMBER
- control field: 4639
003 - CONTROL NUMBER IDENTIFIER
- control field: OSt
005 - DATE AND TIME OF LATEST TRANSACTION
- control field: 20171212092746.0
008 - FIXED-LENGTH DATA ELEMENTS
- fixed length control field: 171212|| aca||aabn | a|a d
040 ## - CATALOGING SOURCE
- Original cataloging agency: OSt
- Transcribing agency: OSt
100 ## - HEADING--PERSONAL NAME
- Personal name: Levitin.S.
670 ## - SOURCE DATA FOUND
- Source citation: Work cat.: (OSt): Levitin.S., The Man who kept his Henrt in a Bucket, 1994